| 000 | 00460nam a2200181Ia 4500 | ||
|---|---|---|---|
| 001 | 19378 | ||
| 005 | 20260306172648.0 | ||
| 008 | 260306t2010||||xx |||||||||||||| ||spa|| | ||
| 041 | _aESP | ||
| 082 |
_a658.848 _bJ43 |
||
| 100 |
_aJerez Riesco, José Luis _eAUT |
||
| 245 | 0 | _aMarketing internacional para la expansión de la empresa | |
| 260 | _c2010 | ||
| 300 |
_a295 páginas : _c24 cm. |
||
| 650 | _aGEN | ||
| 654 | _aCAN | ||
| 942 |
_cLIB _dJUS _fJUS _2ddc _n |
||
| 999 |
_c19378 _d19378 |
||